[Event "Fort Lauderdale Turkey Bowl 21st"]
[Site "Fort Lauderdale"]
[Date "2023.11.11"]
[Round "2"]
[White "Moore, Nickolas Arthur"]
[Black "McKennis, Darren"]
[Result "1-0"]
[WhiteElo "2115"]
[BlackElo "1927"]
[PlyCount "203"]
[EventDate "2023.11.10"]
[EventType "swiss"]
[EventRounds "5"]
[EventCountry "USA"]
[SourceTitle "CB48_2023"]
[SourceDate "2023.11.29"]
[SourceVersion "1"]
[SourceVersionDate "2023.11.29"]
[SourceQuality "1"]

1. d4 d5 2. c4 c6 3. Nf3 Nf6 4. e3 Bf5 5. Nc3 e6 6. Nh4 Bg6 7. Qb3 Qc7 8. Bd2 Nbd7 9. Rc1 Rc8 10. Nxg6 hxg6 11. cxd5 exd5 12. h3 Qb8 13. Bd3 Bd6 14. 0-0 0-0 15. Rfe1 Rfe8 16. e4 dxe4 17. Nxe4 Nxe4 18. Bxe4 Nf8 19. d5 c5 20. a4 Nd7 21. h4 Nf6 22. Bf3 b6 23. Qc4 Rxe1+ 24. Rxe1 Re8 25. Rb1 Nd7 26. Qa6 Ne5 27. Be2 Qa8 28. Rd1 Qxd5 29. Be3 Qe6 30. Qxa7 Bb8 31. Qb7 Ng4 32. Bxg4 Qxg4 33. Qd7 Qe4 34. b3 Rf8 35. a5 bxa5 36. Bxc5 Re8 37. Be3 Rf8 38. Qa4 Qe5 39. g3 Bc7 40. Rc1 Bd8 41. Rc5 Qe6 42. Qb5 Re8 43. Rc6 Qd7 44. Qc4 Kh7 45. Ra6 Re5 46. Ra7 Qd1+ 47. Kg2 f6 48. Qc6 Qxb3 49. Rd7 Be7 50. Bd4 Qe6 51. Qb7 Re2 52. Bc5 Qa2 53. Rxe7 Rxe7 54. Bxe7 Qe6 55. Bf8 Qg8 56. Qe7 a4 57. Kh2 Kh8 58. Qa3 Qc4 59. Qb4 Qc2 60. Qc5 Qb3 61. Qb4 Qc2 62. Bc5 Kh7 63. Qa5 Qe4 64. Qa7 Kg8 65. Qe7 Qc4 66. Bb4 Qa2 67. Qe3 Kh7 68. Bd6 Qc2 69. Qc5 Qa2 70. g4 Qe2 71. Qd4 Qe8 72. Bc5 Qc6 73. h5 gxh5 74. gxh5 Qf3 75. Qh4 Qd5 76. Bb4 Qf5 77. Kg2 Kh8 78. f3 Qc2+ 79. Kh3 Qb3 80. Qg4 a3 81. Bf8 Qf7 82. Bxa3 Kh7 83. Qf5+ Kg8 84. Bd6 Qc4 85. Bg3 Qf1+ 86. Kh2 Qe2+ 87. Kg1 Qd1+ 88. Kg2 Qe2+ 89. Bf2 Qb2 90. Qg6 Kf8 91. Kg3 Qe5+ 92. Kg4 Qe6+ 93. Qf5 Qc4+ 94. Qe4 Qc8+ 95. Kh4 Qc1 96. Qa8+ Kf7 97. Qd5+ Ke8 98. Bc5 g5+ 99. Kh3 Qh1+ 100. Kg4 Qh4+ 101. Kf5 Qxh5 102. Qe6+ 1-0

[Event "Fort Lauderdale Turkey Bowl 21st"]
[Site "Fort Lauderdale"]
[Date "2023.11.10"]
[Round "1"]
[White "Lyon Martinez, Juan Pablo"]
[Black "Moore, Nickolas Arthur"]
[Result "0-1"]
[WhiteElo "1949"]
[BlackElo "2115"]
[PlyCount "92"]
[EventDate "2023.11.10"]
[EventType "swiss"]
[EventRounds "5"]
[EventCountry "USA"]
[SourceTitle "CB48_2023"]
[SourceDate "2023.11.29"]
[SourceVersion "1"]
[SourceVersionDate "2023.11.29"]
[SourceQuality "1"]

1. e4 c5 2. c3 Nf6 3. e5 Nd5 4. d4 cxd4 5. Qxd4 e6 6. Bd3 Nc6 7. Qe4 f5 8. Qe2 Qc7 9. Nf3 Ncb4 10. 0-0 Nxd3 11. Qxd3 b5 12. Re1 Bc5 13. a4 b4 14. Nd4 Bxd4 15. Qxd4 bxc3 16. bxc3 0-0 17. Ba3 Rf7 18. c4 Nb6 19. Nd2 Ba6 20. Rac1 Qc6 21. a5 Nc8 22. Nf3 Bb7 23. Qh4 h6 24. Rc3 Qc7 25. Bb4 Bxf3 26. Rxf3 Rb8 27. Bd2 Kh7 28. Rh3 f4 29. g4 Qxc4 30. Qh5 Rf8 31. g5 Ne7 32. gxh6 g6 33. Qg5 Rbe8 34. Rf3 Rf5 35. Qg4 Ref8 36. h4 Nc6 37. h5 Rxh5 38. Bxf4 Nxe5 39. Rxe5 Rxe5 40. Rg3 Re1+ 41. Kh2 Qe4 42. Rf3 Qf5 43. Qh4 Re4 44. Kg3 Rf7 45. Qg5 Qxg5+ 46. Bxg5 Rxf3+ 0-1

[Event "US op 121st"]
[Site "Cherry Hill"]
[Date "2021.08.04"]
[Round "5"]
[White "Moore, Nickolas Arthur"]
[Black "Zeltsan, Joseph"]
[Result "1/2-1/2"]
[WhiteElo "2133"]
[BlackElo "2301"]
[PlyCount "160"]
[EventDate "2021.07.31"]
[EventType "swiss"]
[EventRounds "9"]
[EventCountry "USA"]
[SourceTitle "CBM 203 Extra"]
[Source "ChessBase"]
[SourceDate "2021.09.30"]
[SourceVersion "1"]
[SourceVersionDate "2021.09.30"]
[SourceQuality "1"]

1. d4 Nf6 2. c4 g6 3. Nc3 d5 4. Nf3 Bg7 5. Qb3 dxc4 6. Qxc4 0-0 7. e4 a6 8. e5 b5 9. Qb3 Nfd7 10. e6 fxe6 11. Be3 Nf6 12. a4 b4 13. Qxb4 Qd6 14. Qxd6 cxd6 15. b4 Nc6 16. Rb1 Bd7 17. b5 axb5 18. Bxb5 Rfc8 19. Ke2 Nd5 20. Rhc1 Nc7 21. Bd3 d5 22. Bb5 Nxb5 23. axb5 Na5 24. Bf4 Nb7 25. Ne5 Be8 26. h4 Kf8 27. f3 Ra3 28. Kd2 Na5 29. b6 Nb3+ 30. Kd1 Nxc1 31. b7 Raxc3 32. bxc8Q Rxc8 33. Rxc1 Ra8 34. Ke1 Ra4 35. Rd1 Bb5 36. Kf2 Bf6 37. g3 Kg7 38. Rd2 h6 39. Be3 Be8 40. Rd1 g5 41. hxg5 hxg5 42. g4 Bb5 43. Rd2 Ra3 44. Rd1 Rb3 45. Rd2 Kg8 46. Rd1 Kf8 47. Rd2 Ke8 48. Rc2 Kf8 49. Rc8+ Kg7 50. Rc2 Ba6 51. Ra2 Bb7 52. Rd2 Ra3 53. Rd1 Kf8 54. Rd2 Ba6 55. Rd1 Ke8 56. Rd2 Kd8 57. Bxg5 Bxe5 58. dxe5 Bc4 59. Be3 Ke8 60. Rd4 Ra2+ 61. Bd2 Kf7 62. Kg3 Kg6 63. Bb4 Re2 64. Kf4 Kf7 65. Rd1 Rb2 66. Bc5 Rb3 67. Be3 Kg6 68. Rd2 Bb5 69. Bc5 Bc6 70. Rd4 Bb5 71. Kg3 Be2 72. Rf4 Rb7 73. Kf2 Bc4 74. Kg3 Kg7 75. Kh4 Rc7 76. Be3 Rd7 77. Rd4 Kg6 78. Kg3 Rb7 79. Rd2 Kf7 80. Rh2 Kg7 1/2-1/2

[Event "Space Coast op 26th"]
[Site "Cocoa Beach"]
[Date "2019.04.28"]
[Round "5"]
[White "Moore, Nickolas Arthur"]
[Black "Bryant, Todd C"]
[Result "1-0"]
[WhiteElo "2129"]
[BlackElo "2131"]
[PlyCount "88"]
[EventDate "2019.04.26"]
[EventType "swiss"]
[EventRounds "5"]
[EventCountry "USA"]
[SourceTitle "CBM 190 Extra"]
[Source "ChessBase"]
[SourceDate "2019.07.15"]
[SourceVersion "1"]
[SourceVersionDate "2019.07.15"]
[SourceQuality "1"]

1. d4 Nf6 2. Nf3 g6 3. c4 Bg7 4. Nc3 0-0 5. e4 d6 6. Be2 e5 7. 0-0 Nc6 8. d5 Ne7 9. b4 Ne8 10. c5 f5 11. Nd2 Nf6 12. a4 fxe4 13. Bc4 e3 14. fxe3 e4 15. Ra3 Nf5 16. Ndxe4 Nxe4 17. Nxe4 Re8 18. Nf2 Nh6 19. Be2 Nf7 20. Bg4 Ne5 21. Bxc8 Rxc8 22. e4 Rf8 23. Rh3 Qe7 24. Be3 b6 25. Qc1 Nd7 26. Qc4 Nf6 27. Bg5 Qe5 28. Bd2 Rce8 29. Bc3 Qe7 30. e5 dxe5 31. Re3 Nh5 32. Rfe1 Qf7 33. Rf3 Nf4 34. Nd3 Qf5 35. d6+ Kh8 36. Nxf4 exf4 37. Rxe8 Rxe8 38. Bxg7+ Kxg7 39. Qd4+ Qe5 40. Qxe5+ Rxe5 41. dxc7 Re8 42. cxb6 axb6 43. b5 Re1+ 44. Rf1 Rd1 1-0

[Event "Space Coast op 26th"]
[Site "Cocoa Beach"]
[Date "2019.04.27"]
[Round "2"]
[White "Moore, Nickolas Arthur"]
[Black "Bortnyk, Olexandr"]
[Result "0-1"]
[WhiteElo "2129"]
[BlackElo "2599"]
[PlyCount "64"]
[EventDate "2019.04.26"]
[EventType "swiss"]
[EventRounds "5"]
[EventCountry "USA"]
[SourceTitle "CBM 190 Extra"]
[Source "ChessBase"]
[SourceDate "2019.07.15"]
[SourceVersion "1"]
[SourceVersionDate "2019.07.15"]
[SourceQuality "1"]

1. d4 d6 2. Nf3 Nf6 3. c4 g6 4. Nc3 Bf5 5. g3 Bg7 6. Bg2 Ne4 7. Nh4 Nxc3 8. bxc3 Bc8 9. 0-0 0-0 10. Rb1 c6 11. f4 Qa5 12. Qc2 e5 13. f5 Nd7 14. Be3 Nf6 15. Kh1 e4 16. Bxe4 Re8 17. fxg6 fxg6 18. Rxf6 Bxf6 19. Rf1 Bxh4 20. Bxg6 Bh3 21. Bxh7+ Kh8 22. Rf4 Bg5 23. Qg6 Re6 24. Qh5 Rh6 25. Qf3 Bxf4 26. Qxf4 Rxh7 27. d5 Qc7 28. Bd4+ Kg8 29. Qg5+ Rg7 30. Qh6 Bf5 31. h4 c5 32. Bf6 Rf8 0-1

[Event "Chicago op 27th"]
[Site "Chicago"]
[Date "2018.05.26"]
[Round "5"]
[White "Nyzhnyk, Illya"]
[Black "Moore, Nickolas Arthur"]
[Result "1-0"]
[WhiteElo "2618"]
[BlackElo "2092"]
[PlyCount "63"]
[EventDate "2018.05.24"]
[EventType "swiss"]
[EventRounds "9"]
[EventCountry "USA"]
[SourceTitle "CBM 184 Extra"]
[Source "ChessBase"]
[SourceDate "2018.06.28"]
[SourceVersion "1"]
[SourceVersionDate "2018.06.28"]
[SourceQuality "1"]

1. d4 Nf6 2. Nf3 c5 3. d5 e6 4. Nc3 d6 5. dxe6 Bxe6 6. e4 Be7 7. Ng5 Qd7 8. Nxe6 Qxe6 9. Bb5+ Nc6 10. 0-0 0-0 11. Nd5 Qxe4 12. Bxc6 bxc6 13. Nc7 Rac8 14. Re1 Rxc7 15. Rxe4 Nxe4 16. Qe2 Bf6 17. f3 Ng5 18. Bf4 Rd8 19. Bxd6 Bd4+ 20. Kf1 Rcd7 21. Re1 h6 22. Be5 Re7 23. Qd2 Ne6 24. Bxd4 cxd4 25. f4 Rd5 26. g4 g6 27. f5 gxf5 28. Qxh6 Red7 29. g5 Ng7 30. g6 fxg6 31. Qxg6 Rd8 32. Re7 1-0